Grandes Herbívoros de España - Estadísticas

Estadísticas generales
  • Esta prueba ha sido intentada 56 veces
  • La puntuación promedio es 5 de 8
Estadísticas de respuestas
Hábitat Especie % Correcto
Dehesas/ Bosques de Montaña Ciervo
96%
Alta Montaña Cabra Montés
82%
Bosques de Montaña Corzo
72%
Cualquier Hábitat Jabalí
72%
Bosques Húmedos/ Zonas Encharcadas Gamo
58%
Bosques de Montaña Rebeco
50%
Montañas Soleadas y Rocosas Muflón
48%
Montañas Soleadas y Rocosas Arrui
24%
No se encontraron pruebas coincidentes
Distribución de puntuación
Porcentaje de gente con cada puntuación
Porcentaje por número respondido
Historial de tus puntuaciones
No has intentado esta prueba.